000 00417cam a22001457a 4500
008 180718b1969 xxu||||| |||| 00| 0 eng d
082 _aA99 A155
100 _aAlliluyeya, Svetlana
245 _aOnly one year
_cby Svetlana Alliluyeya translated by Paul Chavchavadze
260 _aLondon
_bHutchinson
_c1969
300 _a415p.
500 _a35/-
650 _aAlliluyeya, Svetlana
700 _aChavchavadze, Paul, tr
999 _c357660
_d357660